Statistics for Zeus' "lovers"

Click here to take the quiz!

General Stats

  • This quiz has been taken 35 times
  • The average score is 6 of 14

Answer Stats

DescriptionAnswer% Correct
Threw Hephaestus off of Olympus, mother of AresHera
89%
Abducted by Zeus as a cow, namesake of a ContinentEuropa
79%
Zeus' sister, mother of Persephone, Goddess of the HarvestDemeter
75%
Mortal boy, taken by Zeus to be his CupbearerGanymede
64%
Titaness, cursed by Hera, mother of Artemis and ApolloLeto
57%
Woman turned into a cow, chased by GadflyIo
46%
Zeus appeared as a swan, mother of HelenLeda
39%
Pleiad who lived in a cave, mother of HermesMaia
29%
Titaness of Memory, mother of the MusesMnemosyne
29%
Zeus appeared as a shower of gold, mother of PerseusDanae
25%
Helped Zeus overthrow Cronus, eaten by Zeus, mother of AthenaMetis
21%
Hunter of Artemis, turned into a bear and shotCallisto
18%
Tricked by Hera into being burnt, mother of DionysusSemele
18%
Zeus appeared as her husband, mother of HeraklesAlcmene
14%

Score Distribution

Percentile by Number Answered

Percent of People with Each Score

Your Score History

You have not taken this quiz